[Event "Avoine op 30th"]
[Site "Avoine"]
[Date "2015.07.23"]
[Round "6"]
[White "Ollier, Milan"]
[Black "Delboe, Charles"]
[Result "1-0"]
[WhiteElo "2193"]
[BlackElo "1933"]
[PlyCount "43"]
[EventDate "2015.07.18"]
[EventType "swiss"]
[EventRounds "9"]
[EventCountry "FRA"]
[SourceTitle "EXT 2016"]
[Source "ChessBase"]
[SourceDate "2015.10.08"]
[SourceVersion "1"]
[SourceVersionDate "2015.10.08"]
[SourceQuality "1"]

1. e4 c5 2. Nf3 g6 3. c3 Bg7 4. d4 cxd4 5. cxd4 d5 6. e5 Nc6 7. Nc3 Bg4 8. Be2 Qb6 9. Na4 Qc7 10. h3 Bxf3 11. Bxf3 Rd8 12. 0-0 Nh6 13. g4 0-0 14. Be3 Kh8 15. Rc1 Ng8 16. b4 a6 17. Nc5 Nxb4 18. Ne6 Qa5 19. Nxd8 Rxd8 20. Qb3 Qb5 21. Rc5 Qb6 22. a3 1-0

[Event "Avoine op 24th"]
[Site "Avoine"]
[Date "2009.07.20"]
[Round "3"]
[White "Bry, Stephane"]
[Black "Delboe, Charles"]
[Result "1-0"]
[WhiteElo "2068"]
[BlackElo "1912"]
[PlyCount "89"]
[EventDate "2009.07.18"]
[EventType "swiss"]
[EventRounds "9"]
[EventCountry "FRA"]
[SourceTitle "CBM 131 Extra"]
[Source "ChessBase"]
[SourceDate "2009.09.03"]
[SourceVersion "2"]
[SourceVersionDate "2009.09.16"]
[SourceQuality "1"]

1. e4 e6 2. d4 d5 3. Nd2 Nf6 4. e5 Nfd7 5. Bd3 c5 6. c3 Nc6 7. Ne2 cxd4 8. cxd4 Qb6 9. Nf3 Bb4+ 10. Kf1 Be7 11. h4 f5 12. a3 0-0 13. Nf4 Ndb8 14. b4 Bd7 15. Rh3 Nd8 16. Rg3 Bb5 17. Bxb5 Qxb5+ 18. Kg1 a5 19. a4 Qb6 20. b5 Nd7 21. Nh5 Rf7 22. Bh6 Bf8 23. Qd2 Kh8 24. Qg5 g6 25. Nf4 Bxh6 26. Qxh6 Nf8 27. Nxg6+ Nxg6 28. Rxg6 Qc7 29. Ng5 Rg7 30. Rxg7 Qxg7 31. Qxg7+ Kxg7 32. Rc1 h6 33. Rc7+ Kg6 34. Nh7 f4 35. Nf8+ Kh5 36. Re7 Kxh4 37. Re8 Rc8 38. Kh2 f3 39. gxf3 Rc4 40. Rxd8 Rxd4 41. Nxe6 Rxa4 42. Rxd5 Ra2 43. Kg2 a4 44. Rd4+ Kh5 45. Rg4 1-0

[Event "FRA-ch U18"]
[Site "Aix les Bains"]
[Date "2009.04.22"]
[Round "3"]
[White "Delboe, Charles"]
[Black "Sochacki, Wojtek"]
[Result "1/2-1/2"]
[WhiteElo "1894"]
[BlackElo "2212"]
[PlyCount "52"]
[EventDate "2009.04.19"]
[EventType "swiss"]
[EventRounds "9"]
[EventCountry "FRA"]
[SourceTitle "CBM 130 Extra"]
[Source "ChessBase"]
[SourceDate "2009.07.02"]
[SourceVersion "2"]
[SourceVersionDate "2009.07.15"]
[SourceQuality "1"]

1. e4 c5 2. c4 Nc6 3. Nc3 g6 4. g3 Bg7 5. Bg2 d6 6. Nge2 e6 7. 0-0 Nge7 8. d3 0-0 9. Be3 h6 10. Qd2 Kh7 11. f4 Nd4 12. g4 f5 13. g5 Nxe2+ 14. Nxe2 hxg5 15. fxg5 Bd7 16. h4 e5 17. exf5 Nxf5 18. Bxb7 Rb8 19. Be4 Nxh4 20. Rxf8 Bxf8 21. Ng3 Be7 22. Bd5 Qh8 23. Rf1 Nf5 24. Bxc5 Kg7 25. Bxa7 Rf8 26. Nxf5+ gxf5 1/2-1/2

[Event "FRA-ch U18"]
[Site "Aix les Bains"]
[Date "2009.04.21"]
[Round "4"]
[White "Delboe, Charles"]
[Black "Allorant, Adrien"]
[Result "0-1"]
[WhiteElo "1894"]
[BlackElo "2076"]
[PlyCount "64"]
[EventDate "2009.04.19"]
[EventType "swiss"]
[EventRounds "9"]
[EventCountry "FRA"]
[SourceTitle "CBM 130 Extra"]
[Source "ChessBase"]
[SourceDate "2009.07.02"]
[SourceVersion "2"]
[SourceVersionDate "2009.07.15"]
[SourceQuality "1"]

1. e4 c5 2. Nf3 Nc6 3. d4 cxd4 4. Nxd4 g6 5. Nc3 Bg7 6. Be3 Nf6 7. f3 0-0 8. Qd2 d5 9. exd5 Nxd5 10. Nxd5 Qxd5 11. Nxc6 Qxc6 12. 0-0-0 Bf5 13. Bd3 Rfd8 14. Qe2 Qd5 15. Bc4 Qe5 16. c3 Rdc8 17. Rd5 Qc7 18. Rc5 Qd6 19. Rd5 Qc6 20. Rc5 Qe8 21. g4 Rxc5 22. Bxc5 Rc8 23. gxf5 Rxc5 24. fxg6 hxg6 25. Kc2 b5 26. Bb3 b4 27. Qe3 Re5 28. Qxa7 Qc8 29. Qf2 Qf5+ 30. Kd2 Bh6+ 31. f4 Bxf4+ 32. Qxf4 Qxf4+ 0-1

[Event "La Fere op 7th"]
[Site "La Fere"]
[Date "2008.07.09"]
[Round "6"]
[White "Delboe, Charles"]
[Black "Huyet, Yannick"]
[Result "1-0"]
[WhiteElo "1884"]
[BlackElo "1490"]
[PlyCount "45"]
[EventDate "2008.07.05"]
[EventType "swiss"]
[EventRounds "9"]
[EventCountry "FRA"]
[SourceTitle "CBM 125 Extra"]
[Source "ChessBase"]
[SourceDate "2008.09.01"]
[SourceVersion "1"]
[SourceVersionDate "2008.09.01"]
[SourceQuality "1"]

1. c4 e6 2. Nc3 Nf6 3. e4 Nc6 4. d4 Bb4 5. e5 Ne4 6. Bd2 Nxf2 7. Kxf2 Qh4+ 8. g3 Qxd4+ 9. Be3 Qxd1 10. Rxd1 Bxc3 11. bxc3 Nxe5 12. Bf4 f6 13. Bxe5 fxe5 14. Nf3 0-0 15. Ke3 b6 16. Bg2 e4 17. Ng5 d6 18. Bxe4 Rb8 19. Nxh7 Re8 20. Bg6 Bb7 21. Rhf1 Re7 22. Ng5 d5 23. Rf7 1-0

[Event "La Fere op 7th"]
[Site "La Fere"]
[Date "2008.07.07"]
[Round "4"]
[White "Delboe, Charles"]
[Black "Haast, Anne"]
[Result "0-1"]
[WhiteElo "1884"]
[BlackElo "2041"]
[PlyCount "70"]
[EventDate "2008.07.05"]
[EventType "swiss"]
[EventRounds "9"]
[EventCountry "FRA"]
[SourceTitle "CBM 125 Extra"]
[Source "ChessBase"]
[SourceDate "2008.09.01"]
[SourceVersion "1"]
[SourceVersionDate "2008.09.01"]
[SourceQuality "1"]

1. e4 e5 2. Nf3 Nc6 3. d4 exd4 4. Bc4 Nf6 5. 0-0 Nxe4 6. Re1 d5 7. Bxd5 Qxd5 8. Nc3 Qh5 9. Nxe4 Be6 10. Neg5 0-0-0 11. Nxe6 fxe6 12. Rxe6 Bd6 13. Qe2 d3 14. cxd3 Nd4 15. Qe4 Nxe6 16. Qxe6+ Kb8 17. Be3 Rde8 18. Qc4 Rhf8 19. Re1 g5 20. h3 Qg6 21. Qa4 a6 22. Qd4 c5 23. Qd5 Rf5 24. Qc4 h5 25. d4 Rxf3 26. gxf3 g4 27. fxg4 hxg4 28. hxg4 Qxg4+ 29. Kf1 Qf3 30. Rc1 Rxe3 31. Qg8+ Ka7 32. dxc5 Qe2+ 33. Kg1 Re4 34. Qd5 Qg4+ 35. Kf1 Qh3+ 0-1

[Event "Fenain op"]
[Site "Fenain"]
[Date "2007.02.27"]
[Round "7.9"]
[White "Manet, Eric"]
[Black "Delboe, Charles"]
[Result "1/2-1/2"]
[WhiteElo "1957"]
[BlackElo "1830"]
[PlyCount "76"]
[EventDate "2007.02.24"]
[EventType "swiss"]
[EventRounds "7"]
[EventCountry "FRA"]
[SourceTitle "CBM 117 Extra"]
[Source "ChessBase"]
[SourceDate "2007.05.09"]
[SourceVersion "1"]
[SourceVersionDate "2007.05.09"]
[SourceQuality "1"]

1. e4 c5 2. Nf3 Nc6 3. d4 cxd4 4. Nxd4 Nf6 5. Nc3 e5 6. Ndb5 d6 7. Bg5 a6 8. Na3 b5 9. Nd5 Qa5+ 10. Bd2 Qd8 11. Nxf6+ gxf6 12. Be3 f5 13. exf5 Bxf5 14. Be2 Rc8 15. c3 Qf6 16. Bg4 Qg6 17. Bxf5 Qxf5 18. 0-0 Rg8 19. Nc2 Bh6 20. Bxh6 Qg6 21. g3 Qxh6 22. Ne3 Ne7 23. Qf3 Rg5 24. Rad1 Rd8 25. Ng4 Qg6 26. Nf6+ Kf8 27. Nd5 e4 28. Nxe7 Kxe7 29. Qe3 f5 30. Rd5 f4 31. Qd2 Rg8 32. Re1 fxg3 33. fxg3 Rxg3+ 34. hxg3 Qxg3+ 35. Kf1 Qg1+ 36. Ke2 Rg2+ 37. Kd1 Rxd2+ 38. Rxd2 Qg4+ 1/2-1/2

[Event "Nord Pas de Cal-chT"]
[Site "Lille"]
[Date "2004.??.??"]
[Round "2.22"]
[White "Delboe, Charles"]
[Black "Fersi, Sofiane"]
[Result "1-0"]
[WhiteElo "1560"]
[BlackElo "1370"]
[PlyCount "98"]
[EventDate "2004.04.??"]
[EventType "team-swiss"]
[EventRounds "7"]
[EventCountry "FRA"]
[SourceTitle "EXT 2005"]
[Source "ChessBase"]
[SourceDate "2004.11.15"]
[SourceVersion "1"]
[SourceVersionDate "2004.11.15"]
[SourceQuality "1"]

1. d4 d5 2. c4 c6 3. e3 Nf6 4. Nc3 Bf5 5. Nf3 e6 6. Be2 Be7 7. 0-0 0-0 8. Nh4 Bg4 9. Bxg4 Nxg4 10. Qxg4 Bxh4 11. cxd5 cxd5 12. e4 dxe4 13. Qxe4 Nc6 14. d5 exd5 15. Nxd5 Bf6 16. Nxf6+ Qxf6 17. Qd5 Rad8 18. Qb5 Qe7 19. Qb3 Qc7 20. Be3 b6 21. Rac1 Qb7 22. Qc3 Rc8 23. Qa3 Rfe8 24. Qa4 h6 25. Qg4 Ne5 26. Qg3 Ng6 27. Rxc8 Rxc8 28. Rc1 Qd7 29. Rxc8+ Qxc8 30. h3 Kh7 31. Qf3 Qd7 32. b3 Kg8 33. Kh2 Kh7 34. Bf4 Nxf4 35. Qxf4 Kg8 36. g4 Kh7 37. Kg3 Kg8 38. f3 Kh7 39. Qf5+ Qxf5 40. gxf5 Kg8 41. Kf4 f6 42. Ke4 Kf7 43. Kd5 Ke7 44. Kc6 h5 45. Kb7 Kd6 46. Kxa7 Kc6 47. b4 b5 48. Ka6 h4 49. f4 g5 1-0

[Event "FRA-ch du Nord"]
[Site "France"]
[Date "2003.04.15"]
[Round "5"]
[White "Bocquet, David"]
[Black "Delboe, Charles"]
[Result "1-0"]
[WhiteElo "1600"]
[BlackElo "1310"]
[PlyCount "123"]
[EventDate "2003.04.12"]
[EventType "swiss"]
[EventRounds "7"]
[EventCountry "FRA"]
[SourceTitle "EXT 2008"]
[Source "ChessBase"]
[SourceDate "2007.11.25"]
[SourceVersion "1"]
[SourceVersionDate "2007.11.25"]
[SourceQuality "1"]

1. c4 e5 2. e4 Nf6 3. Nc3 Bb4 4. d3 Bxc3+ 5. bxc3 0-0 6. Nf3 Nc6 7. g3 b6 8. Bg2 Bb7 9. 0-0 d6 10. Nh4 Qd7 11. Bg5 Qe6 12. Qf3 Nd7 13. Nf5 f6 14. Bd2 Rfe8 15. Bh3 Qf7 16. Qg4 Kh8 17. Qxg7+ Qxg7 18. Nxg7 Re7 19. Bxd7 Rxd7 20. Nf5 Nd8 21. f3 Ne6 22. d4 Ba6 23. d5 Nc5 24. Ne3 Nd3 25. Bc1 Rc8 26. Rd1 Nc5 27. Ba3 Na4 28. Rac1 c6 29. Bb4 Nb2 30. dxc6 Rxc6 31. Rd5 Nxc4 32. Nxc4 Bxc4 33. Rd2 d5 34. Rcd1 a5 35. exd5 Rc8 36. Ba3 Rcd8 37. d6 Bb5 38. Rb1 Bc6 39. Rxb6 Bxf3 40. Ra6 Rc8 41. Bb2 Rc5 42. Rf2 Bb7 43. Rb6 Rd5 44. Rxf6 Rd1+ 45. Kf2 Rd2+ 46. Ke3 Rxh2 47. c4 Rh5 48. Re6 Kg8 49. Re7 Bc8 50. Re8+ Kf7 51. Rxc8 Ke6 52. c5 Rh3 53. Kf3 Rg7 54. d7+ Kxd7 55. Rb7+ Kxc8 56. Rxg7 Rh2 57. Bxe5 Rh5 58. Bd6 Rf5+ 59. Ke4 Rh5 60. g4 Rh4 61. Kd5 Rh1 62. Kc6 1-0